000 00715nac a22002171u 4500
010 _a75001320
020 _a1855739976
082 0 0 _a677.028
_bH1741
090 _c1020
_d1020
100 _aHall, A. J.
245 1 4 _aThe standard handbook of textiles /
_cA. J. Hall.
250 _a8th ed.
260 _aNew York :
_bWoodhead publishing limited,
_c1975.
300 _a441 p. :
_bill. ;
_c23 cm.
500 _aIncludes index.
504 _aBibliography: p. 431-432.
650 0 _aTextile fabrics.
650 0 _aTextile fibers.
942 _cBB
_k677.028H1741
999 _c1020
_d1020